| 000 | 01106nam a2200289 i 4500 | ||
|---|---|---|---|
| 003 | EG-GICUC | ||
| 005 | 20260211194028.0 | ||
| 008 | 260211s2007 ua ||||fr|||| 00| 0 ara d | ||
| 040 |
_a EG-GICUC _bara _c EG-GICUC _d EG-GICUC _erda |
||
| 041 | 0 | _aara | |
| 082 | 0 | 4 |
_221 _a343.91 _bم ص . إ |
| 092 | 0 | 4 | _221 |
| 099 | _aLaw1 10 343.91 م ص . إ 2007 | ||
| 100 | 0 |
_aمصطفى محمد الدغيدي _eمؤلف. |
|
| 245 | 1 | 2 |
_aالإثبات وخطة البحث في جرائم القتل في الشريعة الإسلامية والقانون الجنائي / _cد. مصطفى محمد الدغيدي. |
| 264 |
_a[دون مكان نشر] : _b[دون ناشر]، _c2007. |
||
| 300 |
_a358 صفحة؛ _c24 سم. |
||
| 336 |
_2rda content _atext |
||
| 337 |
_2rda media _aComputer |
||
| 338 |
_2rda carrier _aOnline Resource |
||
| 546 | _aالنص باللغة العربية | ||
| 650 | 1 | 4 | _aالنظام الجنائي الإسلامي |
| 650 | 1 | 4 | _aالقانون الجنائي |
| 856 | 4 | 0 | _uhttps://fll.law.cu.edu.eg/fulltext/bks/B10-08311.pdf |
| 905 | _a32 | ||
| 942 |
_2ddc _cBK _e21 _n0 |
||
| 999 |
_c62688 _d62688 |
||